Cyclisme: Tous les coureurs cyclistes World Tour en 2024 - Statistiques

Statistiques générales
  • Ce quiz a été pris 1 283 fois
    897 depuis la dernière actualisation
  • Le résultat moyen est 103 sur 486
Statistiques - réponses
Equipe Coureur % Correct
Alpecin Deceuninck 🇳🇱 Mathieu van der Poel
87%
UAE Team Emirates 🇸🇮 Tadej Pogačar
79%
Alpecin Deceuninck 🇧🇪 Jasper Philipsen
77%
Team Visma - Lease a Bike 🇩🇰 Jonas Vingegaard
75%
Soudal Quick-Step 🇫🇷 Julian Alaphilippe
75%
Team DSM-firmenich PostNL 🇫🇷 Romain Bardet
75%
Team Visma - Lease a Bike 🇧🇪 Wout Van Aert
74%
Movistar 🇪🇸 Enric Mas
73%
Cofidis 🇫🇷 Guillaume Martin
73%
Bora-Hansgrohe 🇸🇮 Primoz Roglic
73%
UAE Team Emirates 🇬🇧 Adam Yates
70%
Intermarché-Wanty 🇪🇷 Biniam Girmay
70%
Soudal Quick-Step 🇧🇪 Remco Evenepoel
70%
Team Jayco AlUla 🇬🇧 Simon Yates
70%
Groupama-FDJ 🇫🇷 David Gaudu
69%
Bora-Hansgrohe 🇨🇴 Daniel Felipe Martínez
64%
INEOS Grenadiers 🇬🇧 Geraint Thomas
64%
Groupama-FDJ 🇫🇷 Lenny Martinez
64%
Cofidis 🇫🇷 Benjamin Thomas
63%
Lidl - Trek 🇩🇰 Mads Pedersen
63%
Soudal Quick-Step 🇩🇰 Casper Pedersen
62%
EF Education-EasyPost 🇪🇨 Richard Carapaz
62%
Decathlon AG2R La Mondiale Team 🇦🇺 Ben O'Connor
59%
Team Visma - Lease a Bike 🇫🇷 Christophe Laporte
58%
INEOS Grenadiers 🇪🇸 Carlos/Óscar Rodríguez
57%
Arkéa-B&B Hotels 🇪🇸 Cristian Rodriguez
57%
INEOS Grenadiers 🇨🇴 Egan Bernal
57%
UAE Team Emirates 🇵🇹 João Almeida
57%
Groupama-FDJ 🇨🇭 Stefan Küng
57%
UAE Team Emirates 🇪🇸 Juan Ayuso
56%
Arkéa-B&B Hotels 🇫🇷 Arnaud Démare
55%
Team DSM-firmenich PostNL 🇫🇷 Warren Barguil
54%
Team Visma - Lease a Bike 🇺🇸 Sepp Kuss
53%
Decathlon AG2R La Mondiale Team 🇦🇹 Felix Gall
52%
Team Jayco AlUla 🇳🇱 Jan Maas
52%
Bahrain Victorious 🇸🇮 Matej Mohorič
52%
Groupama-FDJ 🇫🇷 Valentin Madouas
52%
Bora-Hansgrohe 🇷🇺 Aleksandr Vlasov
51%
Arkéa-B&B Hotels 🇫🇷 Kévin Vauquelin
50%
UAE Team Emirates 🇫🇷 Pavel Sivakov
50%
INEOS Grenadiers 🇬🇧 Tom Pidcock
49%
Bora-Hansgrohe 🇦🇺 Jai Hindley
48%
Team Visma - Lease a Bike 🇺🇸 Matteo Jorgenson
48%
INEOS Grenadiers 🇮🇹 Filippo Ganna
47%
UAE Team Emirates 🇩🇪 Nils Politt
46%
Bahrain Victorious 🇪🇸 Pello Bilbao
46%
Groupama-FDJ 🇫🇷 Romain Grégoire
46%
Decathlon AG2R La Mondiale Team 🇫🇷 Aurélien/Valentin Paret-Peintre
45%
Lidl - Trek 🇮🇹 Giulio Ciccone
45%
Soudal Quick-Step 🇪🇸 Mikel Landa
45%
EF Education-EasyPost 🇮🇪 Ben Healy
44%
Movistar 🇨🇴 Nairo Quintana
44%
UAE Team Emirates 🇵🇱 Rafał Majka
44%
UAE Team Emirates 🇲🇽 Isaac Del Toro
43%
Soudal Quick-Step 🇩🇰 Kasper Asgreen
43%
UAE Team Emirates 🇨🇭 Marc Hirschi
43%
Decathlon AG2R La Mondiale Team 🇮🇪 Sam Bennett
43%
Cofidis 🇫🇷 Bryan Coquard
42%
UAE Team Emirates 🇪🇸 Marc Soler
42%
Alpecin Deceuninck 🇫🇷 Axel Laurance
41%
Lidl - Trek 🇮🇹 Jonathan Milan
41%
Bahrain Victorious 🇹🇼 Sergio Tu
41%
Team Visma - Lease a Bike 🇧🇪 Tiesj Benoot
41%
Soudal Quick-Step 🇧🇪 Tim Merlier
41%
Decathlon AG2R La Mondiale Team 🇫🇷 Benoît Cosnefroy
39%
Lidl - Trek 🇫🇷 Julien Bernard
39%
Movistar 🇫🇷 Remi Cavagna
39%
Bahrain Victorious 🇨🇴 Santiago Buitrago
39%
UAE Team Emirates 🇧🇪 Tim Wellens
39%
Bora-Hansgrohe 🇱🇺 Bob Jungels
38%
Team DSM-firmenich PostNL 🇳🇱 Fabio Jakobsen
38%
Alpecin Deceuninck 🇦🇺 Kaden Groves
38%
Groupama-FDJ 🇱🇺 Kevin Geniets
38%
Lidl - Trek 🇬🇧 Tao Geoghegan Hart
38%
INEOS Grenadiers 🇪🇨 Jhonatan Narváez
37%
EF Education-EasyPost 🇺🇸 Neilson Powless
36%
Decathlon AG2R La Mondiale Team 🇫🇷 Paul Lapeira
36%
Team Visma - Lease a Bike 🇸🇮 Jan Tratnik
35%
Intermarché-Wanty 🇫🇷 Adrien Petit
34%
UAE Team Emirates 🇺🇸 Brandon McNulty
34%
Cofidis 🇪🇸 Gorka/Ion Izagirre
34%
Groupama-FDJ 🇳🇿 Laurence Pithie
34%
Team Jayco AlUla 🇦🇺 Michael Matthews
34%
INEOS Grenadiers 🇵🇱 Michał Kwiatkowski
34%
EF Education-EasyPost 🇵🇹 Rui Costa
34%
Alpecin Deceuninck 🇨🇭 Silvan Dillier
34%
Decathlon AG2R La Mondiale Team 🇫🇷 Victor Lafay
34%
Bahrain Victorious 🇳🇱 Wout Poels
34%
Cofidis 🇫🇷 Axel Zingle
33%
Lidl - Trek 🇧🇪 Jasper Stuyven
33%
Soudal Quick-Step 🇧🇪 Yves Lampaert
33%
Bahrain Victorious 🇮🇹 Antonio Tiberi
32%
Decathlon AG2R La Mondiale Team 🇫🇷 Bruno Armirail
32%
Team Visma - Lease a Bike 🇳🇱 Dylan van Baarle
32%
Team Visma - Lease a Bike 🇮🇹 Edoardo Affini
32%
UAE Team Emirates 🇦🇺 Jay Vine
32%
Intermarché-Wanty 🇿🇦 Louis Meintjes
32%
Decathlon AG2R La Mondiale Team 🇧🇪 Oliver Naesen
32%
Soudal Quick-Step 🇫🇷 Paul Magnier
32%
Bahrain Victorious 🇩🇪 Phil Bauhaus
32%
Alpecin Deceuninck 🇩🇰 Søren Kragh Andersen
32%
INEOS Grenadiers 🇧🇪 Laurens De Plus
31%
Lidl - Trek 🇩🇰 Mattias Skjelmose
31%
Groupama-FDJ 🇫🇷 Quentin Pacher
31%
Team Jayco AlUla 🇳🇱 Dylan Groenewegen
30%
Arkéa-B&B Hotels 🇫🇷 Florian Sénéchal
30%
Soudal Quick-Step 🇧🇪 Ilan Van Wilder
30%
UAE Team Emirates 🇵🇹 Ivo/Rui Oliveira
30%
Arkéa-B&B Hotels 🇮🇹 Luca Mozzato
30%
UAE Team Emirates 🇩🇰 Mikkel Bjerg
30%
Movistar 🇵🇹 Nélson Oliveira
30%
INEOS Grenadiers 🇳🇱 Thymen Arensman
30%
Team Visma - Lease a Bike 🇳🇱 Wilco Kelderman
30%
Bahrain Victorious 🇯🇵 Yukiya Arashiro
30%
Bahrain Victorious 🇮🇹 Damiano Caruso
29%
Decathlon AG2R La Mondiale Team 🇫🇷 Dorian Godon
29%
EF Education-EasyPost 🇨🇭 Stefan Bissegger
29%
EF Education-EasyPost 🇮🇹 Alberto Bettiol
28%
Team Visma - Lease a Bike 🇭🇺 Attila Valter
28%
Alpecin Deceuninck 🇧🇪 Gianni Vermeersch
28%
Intermarché-Wanty 🇫🇷 Hugo Page
28%
Lidl - Trek 🇪🇸 Juan Pedro López
28%
Intermarché-Wanty 🇳🇱 Boy van Poppel
27%
Bora-Hansgrohe 🇳🇱 Danny van Poppel
27%
EF Education-EasyPost 🇨🇷 Andrey Amador
26%
Cofidis 🇪🇸 Jesús Herrada
26%
INEOS Grenadiers 🇪🇸 Jonathan Castroviejo
26%
Bora-Hansgrohe 🇧🇪 Jordi Meeus
26%
Team DSM-firmenich PostNL 🇳🇱 Julius Van den Berg
26%
Groupama-FDJ 🇳🇱 Lars van den Berg
26%
EF Education-EasyPost 🇳🇱 Marijn van den Berg
26%
Team Visma - Lease a Bike 🇳🇱 Olav Kooij
26%
UAE Team Emirates 🇨🇴 Sebastián Molano
26%
INEOS Grenadiers 🇳🇴 Tobias Foss
26%
Movistar 🇪🇸 Alex Aranburu
25%
Bora-Hansgrohe 🇩🇪 Emanuel Buchmann
25%
Bora-Hansgrohe 🇩🇪 Florian Lipowitz
25%
Cofidis 🇬🇧 Harrison Wood
25%
Soudal Quick-Step 🇨🇿 Jan Hirt
25%
Bora-Hansgrohe 🇩🇪 Lennard Kämna
25%
Groupama-FDJ 🇬🇧 Lewis Askey
25%
Intermarché-Wanty 🇫🇷 Lilian Calmejane
25%
Bora-Hansgrohe 🇨🇴 Sergio Higuita
25%
Decathlon AG2R La Mondiale Team 🇮🇹 Andrea Vendrame
24%
Team Jayco AlUla 🇦🇺 Caleb Ewan
24%
Arkéa-B&B Hotels 🇫🇷 Clément Champoussin
24%
UAE Team Emirates 🇸🇮 Domen Novak
24%
INEOS Grenadiers 🇮🇹 Elia Viviani
24%
Movistar 🇨🇴 Fernando Gaviria
24%
INEOS Grenadiers 🇬🇧 Joshua Tarling
24%
Bora-Hansgrohe 🇦🇹 Marco Haller
24%
Lidl - Trek 🇨🇿 Mathias Vacek
24%
Team DSM-firmenich PostNL 🇬🇧 Oscar Onley
24%
Lidl - Trek 🇺🇸 Quinn Simmons
24%
Cofidis 🇧🇪 Ben Hermans
23%
Decathlon AG2R La Mondiale Team 🇳🇴 Edvald Boasson Hagen
23%
UAE Team Emirates 🇦🇹 Felix Großschartner
23%
Team DSM-firmenich PostNL 🇳🇱 Frank Van den Broek
23%
Bahrain Victorious 🇬🇧 Fred Wright
23%
Bahrain Victorious 🇦🇺 Jack Haig
23%
Alpecin Deceuninck 🇧🇪 Quinten Hermans
23%
Intermarché-Wanty 🇪🇪 Rein Taaramäe
23%
EF Education-EasyPost 🇨🇴 Rigoberto Urán
23%
Decathlon AG2R La Mondiale Team 🇺🇸 Larry Warbasse
22%
INEOS Grenadiers 🇺🇸 Magnus Sheffield
22%
Soudal Quick-Step 🇧🇪 Mauri Vansevenant
22%
Alpecin Deceuninck 🇦🇹 Michael Gogl
22%
Lidl - Trek 🇦🇹 Patrick Konrad
22%
Arkéa-B&B Hotels 🇧🇪 Amaury Capiot
21%
Arkéa-B&B Hotels 🇬🇧 Daniel McLay
21%
Movistar 🇨🇴 Einer Rubio
21%
Soudal Quick-Step 🇮🇹 Gianni Moscon
21%
Groupama-FDJ 🇱🇹 Ignatas Konovalovas
21%
Decathlon AG2R La Mondiale Team 🇫🇷 Nans Peters
21%
Movistar 🇪🇸 Oier Lazkano
21%
Groupama-FDJ 🇫🇷 Rudy Molard
21%
Alpecin Deceuninck 🇦🇹 Tobias Bayer
21%
Lidl - Trek 🇱🇻 Toms Skujins
21%
Decathlon AG2R La Mondiale Team 🇫🇷 Alex Baudin
20%
Lidl - Trek 🇱🇺 Alex Kirsch
20%
INEOS Grenadiers 🇬🇧 Ben/Connor Swift
20%
INEOS Grenadiers 🇬🇧 Ben Turner
20%
Lidl - Trek 🇪🇸 Carlos Verona
20%
INEOS Grenadiers 🇬🇧 Ethan/Leo Hayter
20%
UAE Team Emirates 🇳🇿 Finn Fisher-Black
20%
Intermarché-Wanty 🇩🇪 Georg Zimmermann
20%
Team DSM-firmenich PostNL 🇩🇪 John Degenkolb
20%
Soudal Quick-Step 🇨🇿 Josef Černý
20%
Bora-Hansgrohe 🇩🇪 Maximilian Schachmann
20%
Team DSM-firmenich PostNL 🇬🇧 Max Poole
20%
Bahrain Victorious 🇩🇪 Nikias Arndt
20%
Team DSM-firmenich PostNL 🇫🇷 Romain Combaud
20%
Cofidis 🇩🇪 Simon Geschke
20%
UAE Team Emirates 🇵🇹 António Morgado
19%
Arkéa-B&B Hotels 🇫🇷 Ewen Costiou
19%
Team Jayco AlUla 🇮🇹 Filippo Zana
19%
Soudal Quick-Step 🇮🇹 Mattia Cattaneo
19%
Team Visma - Lease a Bike 🇳🇱 Mick/Tim van Dijke
19%
Groupama-FDJ 🇫🇷 Paul Penhoët
19%
Movistar 🇪🇸 Pelayo Sánchez
19%
Lidl - Trek 🇿🇦 Ryan Gibbons
19%
Lidl - Trek 🇳🇱 Bauke Mollema
18%
Decathlon AG2R La Mondiale Team 🇫🇷 Clément Berthet
18%
Groupama-FDJ 🇫🇷 Clément Russo
18%
UAE Team Emirates 🇮🇹 Diego Ulissi
18%
Team Jayco AlUla 🇮🇪 Eddie Dunbar
18%
Soudal Quick-Step 🇮🇹 Fausto Masnada
18%
Movistar 🇦🇹 Gregor Mühlberger
18%
Decathlon AG2R La Mondiale Team 🇫🇮 Jaakko Hänninen
18%
UAE Team Emirates 🇨🇭 Jan Christen
18%
Alpecin Deceuninck 🇧🇪 Jonas Rickaert
18%
Team Jayco AlUla 🇸🇮 Luka Mezgec
18%
Groupama-FDJ 🇬🇧 Matthew Walls
18%
Team Jayco AlUla 🇨🇭 Mauro Schmid
18%
Bora-Hansgrohe 🇩🇪 Nico Denz
18%
Alpecin Deceuninck 🇮🇹 Nicola Conci
18%
Team DSM-firmenich PostNL 🇨🇿 Pavel Bittner
18%
Bora-Hansgrohe 🇪🇸 Roger Adrià
18%
EF Education-EasyPost 🇬🇧 Simon Carr
18%
Lidl - Trek 🇧🇪 Thibau Nys
18%
Lidl - Trek 🇧🇪 Tim Declercq
18%
EF Education-EasyPost 🇪🇨 Alexander Jefferson Cepeda
17%
Lidl - Trek 🇮🇹 Andrea Bagioli
17%
Soudal Quick-Step 🇫🇷 Antoine Huby
17%
Team Visma - Lease a Bike 🇳🇱 Bart Lemmen
17%
Team Jayco AlUla 🇦🇺 Callum Scotson
17%
Groupama-FDJ 🇳🇴 Erik Sven Bystrøm
17%
Movistar 🇨🇭 Johan Jacobs
17%
Intermarché-Wanty 🇧🇪 Laurenz Rex
17%
Groupama-FDJ 🇮🇹 Lorenzo Germani
17%
Soudal Quick-Step 🇧🇪 Louis Vervaeke
17%
Bora-Hansgrohe 🇮🇹 Matteo Sobrero
17%
Arkéa-B&B Hotels 🇱🇺 Michel Ries
17%
Intermarché-Wanty 🇳🇱 Mike Teunissen
17%
Arkéa-B&B Hotels 🇦🇺 Miles Scotson
17%
Decathlon AG2R La Mondiale Team 🇫🇷 Nicolas Prodhomme
17%
Groupama-FDJ 🇫🇷 Olivier Le Gac
17%
Team Visma - Lease a Bike 🇳🇱 Robert Gesink
17%
Bora-Hansgrohe 🇮🇪 Ryan Mullen
17%
Team DSM-firmenich PostNL 🇩🇰 Tobias Lund Andresen
17%
Alpecin Deceuninck 🇧🇪 Xandro Meurisse
17%
Cofidis 🇫🇷 Alexis Renard
16%
Team Visma - Lease a Bike 🇬🇧 Ben Tulett
16%
Team DSM-firmenich PostNL 🇦🇺 Chris Hamilton
16%
Arkéa-B&B Hotels 🇫🇷 Clément Venturini
16%
Movistar 🇮🇹 Davide Formolo
16%
Decathlon AG2R La Mondiale Team 🇧🇪 Dries De Bondt
16%
Lidl - Trek 🇧🇪 Edward Theuns
16%
EF Education-EasyPost 🇨🇴 Esteban Chaves
16%
Intermarché-Wanty 🇧🇪 Gerben Thijssen
16%
Bora-Hansgrohe 🇮🇹 Giovanni Aleotti
16%
EF Education-EasyPost 🇬🇧 Hugh Carthy
16%
Soudal Quick-Step 🇬🇧 James Knox
16%
Team Jayco AlUla 🇦🇺 Lucas Hamilton
16%
Soudal Quick-Step 🇺🇸 Luke Lamperti
16%
Arkéa-B&B Hotels 🇫🇷 Mathis Le Berre
16%
INEOS Grenadiers 🇪🇸 Omar Fraile
16%
Cofidis 🇧🇪 Piet Allegaert
16%
Arkéa-B&B Hotels 🇪🇸 Raúl García Pierna
16%
Groupama-FDJ 🇬🇧 Samuel Watson
16%
EF Education-EasyPost 🇺🇸 Sean Quinn
16%
UAE Team Emirates 🇳🇴 Vegard Stake Laengen
16%
UAE Team Emirates 🇮🇹 Alessandro Covi
15%
Cofidis 🇫🇷 Anthony Perez
15%
Decathlon AG2R La Mondiale Team 🇫🇷 Bastien Tronchon
15%
Lidl - Trek 🇳🇱 Daan Hoole
15%
Groupama-FDJ 🇨🇭 Fabian Lienhard
15%
Team DSM-firmenich PostNL 🇺🇸 Kevin Vermaerke
15%
Groupama-FDJ 🇳🇿 Reuben Thompson
15%
Lidl - Trek 🇮🇹 Simone Consonni
15%
Team Visma - Lease a Bike 🇳🇱 Steven Kruijswijk
15%
Arkéa-B&B Hotels 🇮🇹 Alessandro Verre
14%
Groupama-FDJ 🇫🇷 Enzo Paleni
14%
UAE Team Emirates 🇪🇸 Igor Arrieta
14%
Movistar 🇪🇸 Iván García Cortina
14%
Bahrain Victorious 🇵🇱 Kamil Gradek
14%
Team Jayco AlUla 🇦🇺 Luke Durbridge
14%
Team Jayco AlUla 🇦🇺 Luke Plapp
14%
EF Education-EasyPost 🇩🇰 Michael Valgren
14%
Bora-Hansgrohe 🇦🇹 Patrick Gamper
14%
Alpecin Deceuninck 🇳🇱 Ramon Sinkeldam
14%
INEOS Grenadiers 🇮🇹 Salvatore Puccio
14%
Bora-Hansgrohe 🇦🇺 Sam Welsford
14%
Decathlon AG2R La Mondiale Team 🇧🇪 Stan Dewulf
14%
Arkéa-B&B Hotels 🇫🇷 Anthony Delaplace
13%
Intermarché-Wanty 🇧🇪 Baptiste Planckaert
13%
Team Jayco AlUla 🇦🇺 Chris Harper
13%
Arkéa-B&B Hotels 🇳🇱 David Dekker
13%
Alpecin Deceuninck 🇧🇪 Edward Planckaert
13%
UAE Team Emirates 🇮🇹 Filippo Baroncini
13%
Decathlon AG2R La Mondiale Team 🇫🇷 Geoffrey Bouchard
13%
EF Education-EasyPost 🇩🇪 Georg Steinhauser
13%
Movistar 🇨🇴 Iván Sosa
13%
Arkéa-B&B Hotels 🇧🇪 Jenthe Biermans
13%
Cofidis 🇫🇷 Kenny Elissonde
13%
Intermarché-Wanty 🇮🇹 Lorenzo Rota
13%
Arkéa-B&B Hotels 🇫🇷 Louis Barré
13%
INEOS Grenadiers 🇨🇦 Michael Leonard
13%
EF Education-EasyPost 🇩🇰 Mikkel Frølich Honoré
13%
Groupama-FDJ 🇫🇷 Remy Rochas
13%
UAE Team Emirates 🇳🇱 Sjoerd Bax
13%
Cofidis 🇵🇱 Stanislaw Aniolkowski
13%
Arkéa-B&B Hotels 🇮🇹 Vincenzo Albanese
13%
Cofidis 🇧🇪 Aimé De Gendt
12%
UAE Team Emirates 🇨🇴 Álvaro Hodeg
12%
INEOS Grenadiers 🇺🇸 Andrew "AJ" August
12%
INEOS Grenadiers 🇨🇴 Brandon Rivera
12%
Team Jayco AlUla 🇩🇰 Christopher Juul-Jensen
12%
Team Visma - Lease a Bike 🇧🇪 Cian Uijtdebroeks
12%
EF Education-EasyPost 🇮🇪 Darren Rafferty
12%
Bahrain Victorious 🇮🇹 Edoardo Zambanini
12%
Team DSM-firmenich PostNL 🇱🇻 Emïls Liepins
12%
Movistar 🇪🇸 Javier Romo
12%
INEOS Grenadiers 🇩🇪 Kim Heiduk
12%
Intermarché-Wanty 🇧🇪 Kobe Goossens
12%
INEOS Grenadiers 🇬🇧 Luke Rowe
12%
Intermarché-Wanty 🇪🇪 Madis Mihkels
12%
Bahrain Victorious 🇸🇮 Matevž Govekar
12%
Alpecin Deceuninck 🇩🇪 Maurice Ballerstedt
12%
Team Visma - Lease a Bike 🇳🇴 Per Strand Hagenes
12%
Alpecin Deceuninck 🇧🇪 Robbe Ghys
12%
Arkéa-B&B Hotels 🇫🇷 Thibault Guernalec
12%
Cofidis 🇫🇷 Thomas Champion
12%
Team Visma - Lease a Bike 🇬🇧 Thomas Gloag
12%
Bahrain Victorious 🇳🇴 Torstein Træen
12%
Movistar 🇺🇸 Will Barta
12%
Bahrain Victorious 🇮🇹 Andrea Pasqualon
11%
EF Education-EasyPost 🇮🇪 Archie Ryan
11%
Arkéa-B&B Hotels 🇫🇷 Élie Gesbert
11%
Alpecin Deceuninck 🇩🇪 Jason Osborne
11%
Team Visma - Lease a Bike 🇳🇴 Johannes Staune-Mittet
11%
Team Visma - Lease a Bike 🇳🇱 Koen Bouwman
11%
Alpecin Deceuninck 🇮🇹 Luca Vergallito
11%
Arkéa-B&B Hotels 🇵🇱 Łukasz Owsian
11%
Arkéa-B&B Hotels 🇫🇷 Matis Louvel
11%
Team Jayco AlUla 🇩🇪 Max Walscheid
11%
UAE Team Emirates 🇳🇿 Michael Vink
11%
Cofidis 🇧🇪 Milan Fretin
11%
Alpecin Deceuninck 🇳🇿 Samuel Gaze
11%
Cofidis 🇮🇹 Stefano Oldani
11%
Bahrain Victorious 🇧🇭 Ahmed Madan
10%
Movistar 🇪🇸 Albert Torres
10%
Intermarché-Wanty 🇫🇷 Alexy Faure Prost
10%
Lidl - Trek 🇪🇷 Amanuel Ghebreigzabhier
10%
Team DSM-firmenich PostNL 🇳🇱 Bram Welten
10%
INEOS Grenadiers 🇦🇺 Cameron Wurf
10%
Team Jayco AlUla 🇳🇿 Campbell Stewart
10%
Team DSM-firmenich PostNL 🇳🇱 Casper van Uden
10%
Bora-Hansgrohe 🇵🇱 Cesare Benedetti
10%
Groupama-FDJ 🇫🇷 Clément Davy
10%
Movistar 🇮🇹 Davide Cimolai
10%
Intermarché-Wanty 🇳🇿 Dion Smith
10%
Bahrain Victorious 🇷🇸 Dušan Rajović
10%
Groupama-FDJ 🇫🇷 Eddy Le Huitouze
10%
EF Education-EasyPost 🇬🇧 James Shaw
10%
Team Visma - Lease a Bike 🇧🇪 Julien Vermote
10%
Team Jayco AlUla 🇺🇸 Lawson Craddock
10%
Groupama-FDJ 🇫🇷 Marc Sarreau
10%
Movistar 🇩🇰 Mathias Norsgaard
10%
Bahrain Victorious 🇦🇹 Rainer Kepplinger
10%
Cofidis 🇪🇸 Rubén Fernández
10%
Movistar 🇵🇹 Ruben Guerreiro
10%
Decathlon AG2R La Mondiale Team 🇧🇪 Sander De Pestel
10%
Intermarché-Wanty 🇮🇹 Simone Petilli
10%
EF Education-EasyPost 🇿🇦 Stefan de Bod
10%
Intermarché-Wanty 🇳🇱 Taco van der Hoorn
10%
Decathlon AG2R La Mondiale Team 🇫🇷 Valentin Retailleau
10%
Movistar 🇧🇷 Vinicius Rangel
10%
Soudal Quick-Step 🇧🇪 William Junior Lecerf
10%
Team Jayco AlUla 🇮🇹 Alessandro De Marchi
9%
Team Jayco AlUla 🇳🇴 Amund Grøndahl Jansen
9%
EF Education-EasyPost 🇮🇹 Andrea Piccolo
9%
Movistar 🇪🇸 Antonio Pedrero
9%
Decathlon AG2R La Mondiale Team 🇫🇷 Damien Touzé
9%
Bora-Hansgrohe 🇵🇱 Filip Maciejuk
9%
Bahrain Victorious 🇩🇪 Jasha Sütterlin
9%
Alpecin Deceuninck 🇦🇺 Jensen Plowright
9%
Bahrain Victorious 🇩🇰 Johan Price-Pejtersen
9%
EF Education-EasyPost 🇩🇪 Jonas Rutsch
9%
Cofidis 🇪🇸 Jonathan Lastra
9%
Arkéa-B&B Hotels 🇧🇪 Laurens Huys
9%
Soudal Quick-Step 🇸🇰 Martin Svrček
9%
Lidl - Trek 🇪🇷 Natnael Tesfatsion
9%
EF Education-EasyPost 🇬🇧 Owain Doull
9%
Decathlon AG2R La Mondiale Team 🇫🇷 Pierre Gautherat
9%
Intermarché-Wanty 🇧🇪 Rune Herregodts
9%
Lidl - Trek 🇳🇱 Sam Oomen
9%
Bora-Hansgrohe 🇩🇪 Ben Zwiehoff
8%
Soudal Quick-Step 🇧🇪 Bert Van Lerberghe
8%
Groupama-FDJ 🇫🇷 Cyril Barthe
8%
Lidl - Trek 🇮🇹 Dario Cataldo
8%
Arkéa-B&B Hotels 🇫🇷 Donavan Grondin
8%
Decathlon AG2R La Mondiale Team 🇫🇷 Franck Bonnamour
8%
Bahrain Victorious 🇭🇷 Fran Miholjević
8%
Bora-Hansgrohe 🇩🇰 Frederik Wandahl
8%
Team Jayco AlUla 🇪🇹 Hagos Welay Berhe
8%
Movistar 🇪🇸 Iván Romeo
8%
Decathlon AG2R La Mondiale Team 🇫🇷 Jordan Labrosse
8%
Movistar 🇮🇹 Lorenzo Milesi
8%
Team Visma - Lease a Bike 🇩🇪 Michel Hessmann
8%
Team Visma - Lease a Bike 🇳🇱 Milan Vader
8%
Team DSM-firmenich PostNL 🇳🇱 Nils Eekhoff
8%
Alpecin Deceuninck 🇳🇱 Oscar Riesebeek
8%
Lidl - Trek 🇧🇪 Otto Vergaerde
8%
Team DSM-firmenich PostNL 🇳🇿 Patrick Bevin
8%
Movistar 🇪🇸 Sergio Samitier
8%
Arkéa-B&B Hotels 🇫🇷 Simon Guglielmi
8%
Team Visma - Lease a Bike 🇧🇪 Tosh Van der Sande
8%
Arkéa-B&B Hotels 🇫🇷 Alan Riou
7%
Team DSM-firmenich PostNL 🇦🇺 Alexander Edmondson
7%
Bahrain Victorious 🇦🇺 Cameron Scott
7%
Cofidis 🇫🇷 Eddy Finé
7%
Team Jayco AlUla 🇳🇱 Elmar Reinders
7%
Alpecin Deceuninck 🇧🇪 Fabio Van Den Bossche
7%
Intermarché-Wanty 🇮🇹 Francesco Busatto
7%
Team DSM-firmenich PostNL 🇳🇱 Gijs Leemreize
7%
Cofidis 🇫🇷 Hugo Toumire
7%
Lidl - Trek 🇮🇹 Jacopo Mosca
7%
Alpecin Deceuninck 🇧🇪 Jimmy Janssens
7%
Alpecin Deceuninck 🇩🇪 Juri Hollmann
7%
Intermarché-Wanty 🇮🇹 Kevin Colleoni
7%
EF Education-EasyPost 🇪🇸 Markel Beloki
7%
Team DSM-firmenich PostNL 🇳🇱 Martijn Tusveld
7%
Cofidis 🇬🇧 Oliver Knight
7%
Soudal Quick-Step 🇧🇪 Pieter Serry
7%
Alpecin Deceuninck 🇧🇪 Stan Van Tricht
7%
Alpecin Deceuninck 🇧🇪 Timo Kielich
7%
Team DSM-firmenich PostNL 🇳🇱 Timo Roosen
7%
Cofidis 🇫🇷 Alexis Gougeard
6%
Bora-Hansgrohe 🇩🇪 Anton Palzer
6%
Intermarché-Wanty 🇧🇪 Arne Marit
6%
Decathlon AG2R La Mondiale Team 🇧🇪 Gianluca Pollefliet
6%
Bora-Hansgrohe 🇩🇪 Jonas Koch
6%
Movistar 🇪🇸 Jorge Arcas
6%
Alpecin Deceuninck 🇳🇱 Lars Boven
6%
EF Education-EasyPost 🇬🇧 Lukas Nerurkar
6%
Bahrain Victorious 🇵🇱 Lukasz Wiśniowski
6%
Team DSM-firmenich PostNL 🇦🇺 Matthew Dinham
6%
Team Jayco AlUla 🇦🇺 Michael Hepburn
6%
Cofidis 🇫🇷 Nicolas Debeaumarché
6%
Bahrain Victorious 🇮🇹 Nicolò Buratti
6%
INEOS Grenadiers 🇩🇰 Theodor Storm
6%
EF Education-EasyPost 🇯🇵 Yuhi Todome
6%
Bahrain Victorious 🇮🇹 Alberto Bruttomesso
5%
Bora-Hansgrohe 🇦🇹 Alexander Hajek
5%
Cofidis 🇫🇷 Axel Mariault
5%
Movistar 🇪🇸 Carlos Canal
5%
Intermarché-Wanty 🇧🇪 Dries De Pooter
5%
Bora-Hansgrohe 🇩🇪 Emil Herzog
5%
Lidl - Trek 🇮🇹 Fabio Felline
5%
Team Jayco AlUla 🇩🇪 Felix Engelhardt
5%
Bahrain Victorious 🇬🇧 Finlay Pickering
5%
Soudal Quick-Step 🇧🇪 Gil Gelders
5%
Movistar 🇪🇸 Gonzalo Serrano
5%
Team Jayco AlUla 🇪🇸 Jesús David Peña
5%
Team Jayco AlUla 🇦🇺 Kelland O'Brien
5%
Arkéa-B&B Hotels 🇫🇷 Kévin Ledanois
5%
Bora-Hansgrohe 🇩🇪 Luis-Joe Lührs
5%
Team DSM-firmenich PostNL 🇩🇪 Niklas Märkl
5%
Team Jayco AlUla 🇦🇺 Rudy Porter
5%
Team DSM-firmenich PostNL 🇬🇧 Sean Flynn
5%
Alpecin Deceuninck 🇧🇪 Senne Leysen
5%
Team DSM-firmenich PostNL 🇳🇱 Tim Naberman
5%
Intermarché-Wanty 🇧🇪 Tom Paquot
5%
Soudal Quick-Step 🇧🇪 Warre Vangheluwe
5%
Cofidis 🇧🇪 Christophe Noppe
4%
Team Jayco AlUla 🇮🇹 Davide De Pretto
4%
EF Education-EasyPost 🇦🇺 Harry Sweeny
4%
Alpecin Deceuninck 🇩🇪 Henri Uhlig
4%
Soudal Quick-Step 🇧🇪 Jordi Warlop
4%
Team Visma - Lease a Bike 🇳🇱 Loe Van Belle
4%
Movistar 🇮🇹 Manilo Moro
4%
Team DSM-firmenich PostNL 🇦🇺 Patrick Eddy
4%
Intermarché-Wanty 🇧🇪 Vito Braet
4%
Team Jayco AlUla 🇩🇰 Anders Foldager
3%
Soudal Quick-Step 🇧🇪 Ayco Bastiaens
3%
Team Jayco AlUla 🇦🇺 Blake Quick
3%
Intermarché-Wanty 🇧🇪 Gijs Van Hoecke
3%
EF Education-EasyPost 🇬🇧 Jack Rootkin-Gray
3%
EF Education-EasyPost 🇳🇱 Jardi Van der Lee
3%
Cofidis 🇫🇷 Nolann Mahoudo
3%
Soudal Quick-Step 🇳🇱 Pepijn Reinderink
3%
Intermarché-Wanty 🇳🇱 Roel Van Sintmaartensdijk
3%
Team DSM-firmenich PostNL 🇳🇱 Enzo Leijnse
2%
Movistar 🇪🇸 Jon Barrenetxea
2%
Cofidis 🇧🇪 Ludovic Robeet
2%
Aucun quiz correspondant
Distribution des résultats
% des personnes avec chaque résultat
Percentile par nombre de réponses
Votre historique - résultats
Vous n’avez pas pris ce quiz depuis la dernière actualisation